La planification de l'economie nationale de l'U.R.S.S.

Tallennettuna:
Bibliografiset tiedot
Päätekijä: Guennadi Sorokine
Aineistotyyppi: Kirja
Kieli:Undetermined
Julkaistu: Moscou Editions de Progres 1967
Aiheet:
Tagit: Lisää tagi
Ei tageja, Lisää ensimmäinen tagi!
Thư viện lưu trữ: Trung tâm Học liệu Trường Đại học Cần Thơ
LEADER 00507nam a2200181Ia 4500
001 CTU_84937
008 210402s9999 xx 000 0 und d
082 |a 330.9 
082 |b S714 
100 |a Guennadi Sorokine 
245 0 |a La planification de l'economie nationale de l'U.R.S.S. 
245 0 |c Guennadi Sorokine 
260 |a Moscou 
260 |b Editions de Progres 
260 |c 1967 
650 |a U.S.S.R 
650 |x economic development 
980 |a Trung tâm Học liệu Trường Đại học Cần Thơ